000 01321nam0a2200301 4500
001 RU\NLR\bibl\451190
005 20260406125017.0
010 _a5-08-003842-X
_95000
021 _aRU
_b2003-51404
_92487
035 _a(NLR Aleph) 000444821
090 _a836821
_c836821
100 _a20031024d2003 |||y0rusy50 ca
101 0 _arus
102 _aRU
105 _aa |||||||||
200 1 _aЧистый понедельник
_eПовести и рассказы
_e[Для ст. шк. возраста]
_fИ.А. Бунин
_g[Вступ. ст. К.Г. Паустовского
_gКоммент. А. Баборенко и др.]
210 _aМ.
_cДет. лит.
_d2003
215 _a379,[2] с.
_cил.
_d21
225 1 _aШкольная библиотека
327 1 _aСодерж.: На край света; Антоновские яблоки; Сосны; Золотое дно; Далекое; Цифры; Суходол; Захар Воробьев; Князь во князьях; Худая трава и др.
686 _aШ9(2)62=Р5-4
700 1 _4070
_8rus
_7ca
_aБунин
_bИ. А.
_f1870-1953
_gИван Алексеевич
_3RU\NLR\auth\771321
_9111348
801 0 _aRU
_bNLR
_c20031024
_gPSBO
801 1 _aRU
_bNLR
_c20031024
942 _cBOOK
980 _aNB